000 00689nam a2200181Ia 4500
008 100920s9999 xx 000 0 und d
082 _b63629
_a61 थ 67
100 _aपिसुर्लेकर पांडुरंग सखाराम.
245 _aपोर्तुगेज-मराठे संबंध.
260 _bगोळे व. ह.
_c1967
300 _a359
_bसाधी
365 _b12
520 _aस्थानिक वाचन.
630 _aपोर्तुगेज-मराठे संबंध.
650 _aस्थानिक वाचन.
730 _aपोर्तुगेज-मराठे संबंध.
942 _cBOOK
999 _c706709
_d706706